10 Minutes Guide to Access 97 (Record no. 266605)

000 -LEADER
fixed length control field 00331 a2200145 4500
001 - CONTROL NUMBER
control field 31532
082 ## - DEWEY DECIMAL CLASSIFICATION NUMBER
Classification number 001.42WEM
090 ## - LOCALLY ASSIGNED LC-TYPE CALL NUMBER (OCLC); LOCAL CALL NUMBER (RLIN)
-- 21392
-- 21392
100 ## - MAIN ENTRY--PERSONAL NAME
Personal name Wempen Faithe
245 ## - TITLE STATEMENT
Title 10 Minutes Guide to Access 97
260 ## - PUBLICATION, DISTRIBUTION, ETC.
Place of publication, distribution, etc. New Delhi
Name of publisher, distributor, etc. Prentice Hall
Date of publication, distribution, etc. 1997
300 ## - PHYSICAL DESCRIPTION
Extent 214p
650 ## - SUBJECT ADDED ENTRY--TOPICAL TERM
Topical term or geographic name entry element Access 97
740 ## - ADDED ENTRY--UNCONTROLLED RELATED/ANALYTICAL TITLE
Uncontrolled related/analytical title Access 97
942 ## - ADDED ENTRY ELEMENTS (KOHA)
Institution code [OBSOLETE] NUST-CAE
Call number prefix 001.42WEM
Holdings
Withdrawn status Lost status Damaged status Not for loan Collection code Permanent Location Current Location Date acquired Total Checkouts Full call number Barcode Date last seen Price effective from Koha item type
          College of Aeronautical Engineering (CAE) College of Aeronautical Engineering (CAE) 04/03/2017   001.42WEM CAE71963 04/05/2017 04/05/2017 Book
          College of Aeronautical Engineering (CAE) College of Aeronautical Engineering (CAE) 04/03/2017   001.42WEM CAE72136 04/05/2017 04/05/2017 Book
© 2023 Central Library, National University of Sciences and Technology. All Rights Reserved.